| 000 | 00516nam a22001817a 4500 | ||
|---|---|---|---|
| 008 | 161012s2013 ag||||| |||| 00| 0 spa d | ||
| 020 | _a9789875001725 | ||
| 082 | 0 | 4 |
_a801 _bC421m |
| 100 | 1 |
_aCesar, Ana Cristina. _95592 |
|
| 245 | 1 | 3 |
_aEl método documental / _cAna Cristina Cesar. |
| 250 | _a1a ed. | ||
| 260 |
_aBuenos Aires, Argentina : _bManantial, _c2013. |
||
| 300 | _a192 p. | ||
| 653 | 1 | 0 | _aLiteratura |
| 653 | 1 | 0 | _aTeoría literaria |
| 653 | 1 | 0 | _aTeoría de la filosofía |
| 653 | 1 | 0 | _aAnálisis literario |
| 999 |
_c1075 _d1075 |
||